000 01018nas a2200313 4500
001 BR2012001351
003 BR-BrBNA
005 20231205120329.0
007 ta
008 230509b bl.|||p| |||| 00| 00por d
040 _aBR-BrBNA
_bpor
_cBiblioteca Nacional de Agricultura
041 _a(Pt)
072 _aF04; P33
100 1 _aSouza, E.R. de
100 1 _aFreire, M.B.G. dos
100 1 _aNascimento, C.W.A. do
100 1 _aMontenegro, A.A. de A.
100 1 _aFreire, F.J.
100 1 _aMelo, H.F. de
245 1 _aFitoextração de sais pela Atriplex nummularia lindl. sob estresse hídrico em solo salino sódico
650 _aESTUFA
650 _aQUÍMICA DO SOLO
650 _aSALINIDADE
650 _aUMIDADE
773 0 _tRevista Brasileira de Engenharia Agrícola e Ambiental (Brazil)
_xISSN 1807-1929
_g(May 2011), v.15(5) p. 477-483
_wBR2012001351
856 4 0 _uhttp://www.scielo.br/pdf/rbeaa/v15n5/v15n5a07.pdf
909 _a202311
_bLúcia
_c55
_dLúcia Elande
942 _2AGRIS
_n0
_cANA
999 _c217979
_d217979